|
|
|
|
| LEADER |
00000nam0a2200000 4500 |
| 001 |
44195 |
| 005 |
20231031021958.0 |
| 010 |
|
|
|a 5272003152
|
| 035 |
|
|
|a (RuTPU)RU\TPU\book\45827
|
| 090 |
|
|
|a 44195
|
| 100 |
|
|
|a 20021106d2002 km y0rusy50 ca
|
| 101 |
0 |
|
|a rus
|
| 102 |
|
|
|a RU
|
| 105 |
|
|
|a y z 000zy
|
| 200 |
1 |
|
|a Человек как предмет познания
|f Б. Г. Ананьев
|
| 205 |
|
|
|a 3-е изд.
|
| 210 |
|
|
|a СПб.
|c Питер
|d 2002
|
| 215 |
|
|
|a 288 с.
|
| 225 |
1 |
|
|a Мастера психологии
|
| 610 |
1 |
|
|a психология
|
| 610 |
1 |
|
|a личность
|
| 610 |
1 |
|
|a человек
|
| 610 |
1 |
|
|a человекознание
|
| 610 |
1 |
|
|a онтогенез
|
| 610 |
1 |
|
|a возрастно-половые свойства
|
| 610 |
1 |
|
|a половой диморфизм
|
| 610 |
1 |
|
|a старение
|
| 610 |
1 |
|
|a нейропсихическая регуляция
|
| 610 |
1 |
|
|a индивидуальное развитие
|
| 610 |
1 |
|
|a индивидуальность
|
| 686 |
|
|
|a Ю937
|v LBC/SL-A
|2 rubbk
|
| 700 |
|
1 |
|a Ананьев
|b Б. Г.
|g Борис Герасимович
|
| 801 |
|
1 |
|a RU
|b 63413507
|c 20021106
|g PSBO
|
| 801 |
|
2 |
|a RU
|b 63413507
|c 20120316
|g PSBO
|
| 942 |
|
|
|c BK
|